000 00266nam a2200109Ia 4500
008 190914s9999||||xx |||||||||||||| ||und||
100 _aMarc Farley
245 0 _aBuilding Storage Networks
260 _aNew Delhi
_bAddison - Wesley
_c1994
300 _a280
942 _cBK
999 _c9314
_d9314